Evrest Kay Dais Main; Safarnama Nepal (Record no. 585792)

000 -LEADER
fixed length control field 00385nam a22001457a 4500
020 ## - INTERNATIONAL STANDARD BOOK NUMBER
International Standard Book Number 9789693514322
040 ## - CATALOGING SOURCE
Transcribing agency NUST
082 ## - DEWEY DECIMAL CLASSIFICATION NUMBER
Classification number 910.4
Author Mark ABB
100 ## - MAIN ENTRY--PERSONAL NAME
Personal name Abbas Barmani, Dr
9 (RLIN) 80921
245 ## - TITLE STATEMENT
Title Evrest Kay Dais Main; Safarnama Nepal
260 ## - PUBLICATION, DISTRIBUTION, ETC.
Place of publication, distribution, etc. LAHORE
Name of publisher, distributor, etc. Sang-E-Meel Publications
Date of publication, distribution, etc. 2003
300 ## - PHYSICAL DESCRIPTION
Other physical details 240P
650 ## - SUBJECT ADDED ENTRY--TOPICAL TERM
Source of heading or term Urdu Literature-Travelogue. Safarnama
942 ## - ADDED ENTRY ELEMENTS (KOHA)
Source of classification or shelving scheme
Koha item type Book
Holdings
Withdrawn status Lost status Source of classification or shelving scheme Damaged status Not for loan Permanent Location Current Location Shelving location Date acquired Total Checkouts Full call number Barcode Date last seen Price effective from Koha item type
          College of Electrical & Mechanical Engineering (CEME) College of Electrical & Mechanical Engineering (CEME) General Stacks 07/07/2021   910.4 ABB CEME-50124 07/07/2021 07/07/2021 Book
© 2023 Central Library, National University of Sciences and Technology. All Rights Reserved.